[Event "Avoine op 33rd"]
[Site "Avoine"]
[Date "2018.07.24"]
[Round "4"]
[White "Heurtebize, Christophe"]
[Black "Frick, Christoph"]
[Result "0-1"]
[WhiteElo "2030"]
[BlackElo "2215"]
[PlyCount "58"]
[EventDate "2018.07.21"]
[EventType "swiss"]
[EventRounds "9"]
[EventCountry "FRA"]
[SourceTitle "CBM 185 Extra"]
[Source "ChessBase"]
[SourceDate "2018.07.29"]
[SourceVersion "1"]
[SourceVersionDate "2018.07.29"]
[SourceQuality "1"]

1. d4 d5 2. c4 c6 3. Nf3 Nf6 4. Nc3 dxc4 5. a4 Bf5 6. Ne5 Nbd7 7. Nxc4 Nb6 8. Ne5 a5 9. f3 Nfd7 10. Nxd7 Nxd7 11. e4 Bg6 12. Be3 Qb6 13. Qd2 e5 14. d5 Bc5 15. Bxc5 Nxc5 16. Qf2 0-0 17. Bc4 Kh8 18. g4 f6 19. 0-0 Bf7 20. Rfd1 Qb4 21. Qe2 Rfd8 22. Kg2 Nd7 23. Rac1 Nf8 24. b3 Ng6 25. Kg3 Nf4 26. Qe3 Bg8 27. Rd2 Rab8 28. Na2 Qa3 29. Nc3 Qxc1 0-1

[Event "Avoine op 32nd"]
[Site "Avoine"]
[Date "2017.07.22"]
[Round "1"]
[White "Braeuning, Rudolf Wilhelm"]
[Black "Heurtebize, Christophe"]
[Result "1-0"]
[WhiteElo "2326"]
[BlackElo "2053"]
[PlyCount "51"]
[EventDate "2017.07.22"]
[EventType "swiss"]
[EventRounds "9"]
[EventCountry "FRA"]
[SourceTitle "CBM 179 Extra"]
[Source "ChessBase"]
[SourceDate "2017.08.23"]
[SourceVersion "1"]
[SourceVersionDate "2017.08.23"]
[SourceQuality "1"]

1. e4 c5 2. c3 d5 3. exd5 Qxd5 4. d4 e6 5. Nf3 Nc6 6. Na3 Nf6 7. Be3 cxd4 8. Nb5 Qd8 9. Nbxd4 Nxd4 10. Bxd4 Be7 11. Bd3 0-0 12. Qc2 g6 13. 0-0-0 Qa5 14. h4 Rd8 15. Ne5 Qxa2 16. h5 Rxd4 17. cxd4 Nd5 18. g3 Nb4 19. hxg6 hxg6 20. Bc4 Qa1+ 21. Qb1 Qa5 22. Nxg6 Qg5+ 23. Nf4 Bf6 24. Qh7+ Kf8 25. Rh5 Qg4 26. Be2 1-0

[Event "Avoine op 25th"]
[Site "Avoine"]
[Date "2010.07.18"]
[Round "2"]
[White "Heurtebize, Christophe"]
[Black "Godart, Francois"]
[Result "0-1"]
[WhiteElo "2057"]
[BlackElo "2240"]
[PlyCount "29"]
[EventDate "2010.07.17"]
[EventType "swiss"]
[EventRounds "9"]
[EventCountry "FRA"]
[SourceTitle "EXT 2011"]
[Source "ChessBase"]
[SourceDate "2010.11.26"]
[SourceVersion "1"]
[SourceVersionDate "2010.11.26"]
[SourceQuality "1"]

1. c4 f5 2. g3 Nf6 3. Bg2 d6 4. Nc3 g6 5. d4 Bg7 6. Nh3 0-0 7. 0-0 Qe8 8. Nf4 c6 9. d5 Na6 10. dxc6 bxc6 11. Qd4 Nb8 12. Nb5 Qd7 13. Ne6 cxb5 14. Bxa8 Qxe6 15. cxb5 0-1

[Event "Avoine op 23rd"]
[Site "Avoine"]
[Date "2008.07.26"]
[Round "8"]
[White "Perusseau, Clement"]
[Black "Heurtebize, Christophe"]
[Result "1-0"]
[WhiteElo "1870"]
[BlackElo "2069"]
[PlyCount "213"]
[EventDate "2008.07.19"]
[EventType "swiss"]
[EventRounds "9"]
[EventCountry "FRA"]
[SourceTitle "CBM 125 Extra"]
[Source "ChessBase"]
[SourceDate "2008.09.01"]
[SourceVersion "1"]
[SourceVersionDate "2008.09.01"]
[SourceQuality "1"]

1. e4 c5 2. Nf3 e6 3. c3 d5 4. exd5 exd5 5. Bb5+ Nc6 6. 0-0 Bd6 7. d4 Nge7 8. dxc5 Bxc5 9. Nbd2 0-0 10. Nb3 Bd6 11. Nfd4 a6 12. Bd3 Ne5 13. Bc2 N7g6 14. f4 Ng4 15. Nf5 Bxf5 16. Bxf5 Nf6 17. Nd4 Re8 18. Bxg6 fxg6 19. f5 Qc7 20. h3 Bh2+ 21. Kh1 Nh5 22. Rf3 gxf5 23. Nxf5 Qe5 24. Be3 Rad8 25. Bd4 Qc7 26. Qd2 Rf8 27. Qg5 Rxf5 28. Qxf5 Ng3+ 29. Rxg3 Bxg3 30. Rf1 Qe7 31. Qf3 Bb8 32. Rf2 h6 33. Qe3 Qd7 34. Re2 Rf8 35. Kg1 Kh7 36. Qe7 Rf7 37. Qxd7 Rxd7 38. g4 Bg3 39. Kg2 Bh4 40. Re6 Kg8 41. Re2 Kf7 42. Kf3 Rd6 43. Kg2 g6 44. Kf3 h5 45. gxh5 gxh5 46. Rg2 Re6 47. Rg7+ Kf8 48. Rxb7 Rg6 49. Rd7 Rg3+ 50. Kf4 Rxh3 51. Rxd5 Bg3+ 52. Kf5 Rh2 53. c4 Rg2 54. Ke6 Re2+ 55. Kf6 Bh4+ 56. Kg6 Bg3 57. Kxh5 Rc2 58. Bc3 Rg2 59. Ra5 Bf2 60. Rxa6 Ke7 61. a4 Be3 62. Rg6 Rc2 63. Rg4 Bc1 64. Rg7+ Kd6 65. Rb7 Kc5 66. a5 Kc6 67. a6 Rg2 68. Rb5 Be3 69. Ra5 Ba7 70. Be5 Rc2 71. b3 Rg2 72. b4 Rc2 73. c5 Rc4 74. b5+ Kxc5 75. Bc7 Bb6 76. Bxb6+ Kxb6 77. a7 Kxa5 78. a8Q+ Kxb5 79. Qb7+ Ka4 80. Kg5 Rb4 81. Qc6+ Ka5 82. Kf5 Rb6 83. Qc3+ Ka4 84. Ke5 Rb5+ 85. Kd4 Rb4+ 86. Kc5 Rb5+ 87. Kc6 Rb6+ 88. Kc7 Rb4 89. Qc2+ Ka5 90. Qa2+ Kb5 91. Kd6 Rd4+ 92. Ke5 Rc4 93. Kd5 Rc5+ 94. Kd4 Kb6 95. Qa8 Rc7 96. Kd5 Rd7+ 97. Kc4 Rc7+ 98. Kb4 Rb7 99. Qd8+ Kc6+ 100. Kc4 Rc7 101. Qf6+ Kb7+ 102. Kb5 Ka7 103. Qd6 Kb7 104. Qe6 Ka7 105. Qb6+ Ka8 106. Ka6 Rd7 107. Qc6+ 1-0

[Event "Avoine op 23rd"]
[Site "Avoine"]
[Date "2008.07.24"]
[Round "6"]
[White "Ollier, Milan"]
[Black "Heurtebize, Christophe"]
[Result "0-1"]
[WhiteElo "1893"]
[BlackElo "2069"]
[PlyCount "56"]
[EventDate "2008.07.19"]
[EventType "swiss"]
[EventRounds "9"]
[EventCountry "FRA"]
[SourceTitle "CBM 125 Extra"]
[Source "ChessBase"]
[SourceDate "2008.09.01"]
[SourceVersion "1"]
[SourceVersionDate "2008.09.01"]
[SourceQuality "1"]

1. e4 c5 2. Nf3 e6 3. d4 cxd4 4. Nxd4 a6 5. a4 Nf6 6. Nc3 Qc7 7. f4 Bb4 8. Qd3 Nxe4 9. Qxe4 Bxc3+ 10. Kd1 d5 11. Qe3 Bxd4 12. Qxd4 0-0 13. Bd3 Nc6 14. Qe3 e5 15. fxe5 Bg4+ 16. Be2 d4 17. Qe4 Bxe2+ 18. Qxe2 d3 19. cxd3 Nd4 20. Qf2 Nb3 21. Rb1 Rfd8 22. Qe3 Nd4 23. Qd2 Qxe5 24. h3 Qh5+ 25. g4 Qd5 26. Rf1 Qb3+ 27. Ke1 Re8+ 28. Kf2 Re2+ 0-1

[Event "Avoine op 21th"]
[Site "Avoine"]
[Date "2006.07.28"]
[Round "7"]
[White "Heurtebize, Christophe"]
[Black "Hutois, Mickael"]
[Result "1-0"]
[WhiteElo "2098"]
[BlackElo "1916"]
[PlyCount "43"]
[EventDate "2006.07.22"]
[EventType "swiss"]
[EventRounds "9"]
[EventCountry "FRA"]
[SourceTitle "EXT 2007"]
[Source "ChessBase"]
[SourceDate "2006.11.23"]
[SourceVersion "1"]
[SourceVersionDate "2006.11.23"]
[SourceQuality "1"]

1. c4 e5 2. g3 Nf6 3. Bg2 c6 4. Nc3 d6 5. Nf3 Be6 6. b3 Be7 7. Bb2 0-0 8. d4 Nbd7 9. Qc2 Rc8 10. Rd1 Qa5 11. 0-0 b5 12. Ng5 Bg4 13. dxe5 dxe5 14. h3 Bh5 15. Rxd7 Bg6 16. Rd3 Bxd3 17. exd3 Nd7 18. Nf3 f5 19. Ne2 Bd6 20. c5 Bb8 21. a3 b4 22. Qc4+ 1-0

[Event "Avoine op 21th"]
[Site "Avoine"]
[Date "2006.07.25"]
[Round "4"]
[White "Tripoteau, Nicolas"]
[Black "Heurtebize, Christophe"]
[Result "1-0"]
[WhiteElo "2296"]
[BlackElo "2098"]
[PlyCount "52"]
[EventDate "2006.07.22"]
[EventType "swiss"]
[EventRounds "9"]
[EventCountry "FRA"]
[SourceTitle "EXT 2007"]
[Source "ChessBase"]
[SourceDate "2006.11.23"]
[SourceVersion "1"]
[SourceVersionDate "2006.11.23"]
[SourceQuality "1"]

1. e4 e6 2. Nf3 d5 3. Nc3 dxe4 4. Nxe4 Nd7 5. d4 Ngf6 6. Bd3 Be7 7. c3 b6 8. Nxf6+ Bxf6 9. Be4 Rb8 10. Qa4 a6 11. Bf4 b5 12. Qc2 Bb7 13. 0-0 Bxe4 14. Qxe4 Rb6 15. a4 Qc8 16. axb5 axb5 17. Ra7 Bd8 18. Rfa1 0-0 19. Ra8 Qb7 20. Qxb7 Rxb7 21. R1a7 Rxa7 22. Rxa7 Nb6 23. Bxc7 Na4 24. Bd6 Re8 25. Ra8 Nb6 26. Rb8 Nd5 1-0

[Event "Avoine op 20th"]
[Site "Avoine"]
[Date "2005.07.27"]
[Round "5"]
[White "Heurtebize, Christophe"]
[Black "Godart, Francois"]
[Result "0-1"]
[WhiteElo "2101"]
[BlackElo "1894"]
[PlyCount "62"]
[EventDate "2005.07.23"]
[EventType "swiss"]
[EventRounds "9"]
[EventCountry "FRA"]
[SourceTitle "EXT 2007"]
[Source "ChessBase"]
[SourceDate "2006.11.23"]
[SourceVersion "1"]
[SourceVersionDate "2006.11.23"]
[SourceQuality "1"]

1. c4 c6 2. d4 d5 3. Nc3 dxc4 4. a4 Nf6 5. e3 Bf5 6. Bxc4 e6 7. Nf3 Nbd7 8. 0-0 Bd6 9. Re1 Bc7 10. e4 Bg6 11. Bg5 Qb8 12. Rc1 0-0 13. e5 Nd5 14. Nxd5 cxd5 15. Bb5 Nb6 16. Be7 Rc8 17. a5 Nc4 18. b3 Bxa5 19. bxc4 a6 20. Bd7 Rxc4 21. Rxc4 dxc4 22. Bd6 Qd8 23. Ba4 Bxe1 24. Qxe1 b5 25. Bd1 a5 26. Qc3 Rc8 27. Bc5 Rxc5 28. dxc5 Qxd1+ 29. Ne1 b4 30. Qe3 c3 31. c6 c2 0-1

[Event "FRA-chT2W 0203"]
[Site "France"]
[Date "2003.03.15"]
[Round "8"]
[White "Bedouin, Xavier"]
[Black "Heurtebize, Christophe"]
[Result "1-0"]
[WhiteElo "2219"]
[BlackElo "2153"]
[PlyCount "91"]
[EventDate "2002.10.??"]
[EventType "team-tourn"]
[EventRounds "11"]
[EventCountry "FRA"]
[SourceTitle "EXT 2004"]
[Source "ChessBase"]
[SourceDate "2003.11.25"]
[SourceVersion "1"]
[SourceVersionDate "2003.11.25"]
[SourceQuality "1"]
[WhiteTeam "Migne Auxances"]
[BlackTeam "Le Mans"]
[WhiteTeamCountry "FRA"]
[BlackTeamCountry "FRA"]

1. e4 c5 2. c3 d5 3. exd5 Qxd5 4. d4 Nc6 5. Nf3 Bg4 6. Be2 e6 7. h3 Bh5 8. c4 Qd8 9. d5 exd5 10. g4 Bg6 11. cxd5 Nb8 12. Bb5+ Nd7 13. Qe2+ Qe7 14. Ne5 0-0-0 15. Bxd7+ Rxd7 16. Nxd7 Qxd7 17. Nc3 Nf6 18. Bf4 Bd6 19. Bxd6 Qxd6 20. 0-0-0 Re8 21. Qd2 Ne4 22. Qe3 f6 23. Rhe1 b6 24. h4 Nxc3 25. Qxc3 Rxe1 26. Qxe1 Qf4+ 27. Qe3 Qc4+ 28. Kd2 Qb4+ 29. Ke2 Qxg4+ 30. Ke1 Bh5 31. Rd3 Bg6 32. Qh3 Qxh3 33. Rxh3 Kd7 34. Re3 Kd6 35. Re6+ Kd7 36. Re3 Bf7 37. Ra3 a5 38. Rb3 Bxd5 39. Rxb6 Bxa2 40. Rb7+ Ke6 41. Rxg7 Bb1 42. Kd2 c4 43. Kc3 Bd3 44. b3 Kd5 45. Rd7+ Kc5 46. bxc4 1-0

[Event "FRA-chT2W 0203"]
[Site "France"]
[Date "2002.11.17"]
[Round "3"]
[White "Heurtebize, Christophe"]
[Black "Bergez, Luc"]
[Result "0-1"]
[WhiteElo "2153"]
[BlackElo "2361"]
[PlyCount "48"]
[EventDate "2002.10.??"]
[EventType "team-tourn"]
[EventRounds "11"]
[EventCountry "FRA"]
[SourceTitle "EXT 2004"]
[Source "ChessBase"]
[SourceDate "2003.11.25"]
[SourceVersion "1"]
[SourceVersionDate "2003.11.25"]
[SourceQuality "1"]
[WhiteTeam "Le Mans"]
[BlackTeam "Evry"]
[WhiteTeamCountry "FRA"]
[BlackTeamCountry "FRA"]

1. c4 c6 2. Nf3 d5 3. b3 Bg4 4. Bb2 Bxf3 5. exf3 e6 6. g3 Nf6 7. Bg2 Be7 8. 0-0 0-0 9. f4 a5 10. Nc3 Na6 11. d4 Ne8 12. f5 dxc4 13. fxe6 Nd6 14. exf7+ Rxf7 15. d5 c5 16. Ne4 cxb3 17. Qxb3 c4 18. Qe3 b5 19. Rac1 Nb4 20. Nc3 Nd3 21. Rc2 Nf5 22. Qe4 Rb8 23. Ba1 Bc5 24. Qe6 Nd4 0-1

[Event "FRA-chT2"]
[Site "France"]
[Date "2002.01.??"]
[Round "5"]
[White "Rabascall, Jacques"]
[Black "Heurtebize, Christophe"]
[Result "0-1"]
[WhiteElo "2100"]
[BlackElo "2137"]
[PlyCount "64"]
[EventDate "2002.??.??"]
[EventType "team-tourn"]
[EventRounds "11"]
[EventCountry "FRA"]
[SourceTitle "EXT 2003"]
[Source "ChessBase"]
[SourceDate "2002.11.25"]
[SourceVersion "1"]
[SourceVersionDate "2002.11.25"]
[SourceQuality "1"]

1. Nf3 Nf6 2. d4 d5 3. c4 c6 4. cxd5 cxd5 5. Nc3 Nc6 6. g3 Bg4 7. Bg2 e6 8. 0-0 Be7 9. Bf4 0-0 10. Rc1 Bxf3 11. Bxf3 Qb6 12. e3 Qxb2 13. Na4 Qa3 14. Nc3 a6 15. Na4 Nd7 16. Rc3 Qb4 17. a3 Qa5 18. e4 Rac8 19. exd5 exd5 20. Rd3 Nf6 21. Bd2 Qd8 22. Bc1 b5 23. Nc3 h6 24. Re1 b4 25. axb4 Bxb4 26. Bd2 Qa5 27. Nb1 Bxd2 28. Rxd2 Rfe8 29. Rxe8+ Rxe8 30. Kg2 Qb4 31. Be2 Rb8 32. Bd3 a5 0-1

[Event "Agneaux St Lo op 04th"]
[Site "Agneaux"]
[Date "2000.??.??"]
[Round "3"]
[White "Heurtebize, Christophe"]
[Black "Moltchanov, Roman"]
[Result "0-1"]
[WhiteElo "2083"]
[BlackElo "2402"]
[PlyCount "66"]
[EventDate "2000.02.??"]
[EventType "swiss"]
[EventRounds "7"]
[EventCountry "FRA"]
[SourceTitle "EXT 2001"]
[Source "ChessBase"]
[SourceDate "2000.11.22"]
[SourceVersion "1"]
[SourceVersionDate "2000.11.22"]
[SourceQuality "1"]

1. c4 Nf6 2. g3 c5 3. Bg2 d5 4. cxd5 Nxd5 5. Nf3 Nc6 6. 0-0 e5 7. d3 Be7 8. Nc3 Be6 9. Bd2 0-0 10. Ne4 f6 11. Kh1 Qd7 12. Rc1 b6 13. Ng1 Nd4 14. Nc3 Rad8 15. b3 Rfe8 16. Nf3 Bh3 17. Bxh3 Qxh3 18. Nxd4 exd4 19. Nxd5 Rxd5 20. f4 Rh5 21. Rf2 Qxg3 22. Rg2 Qh3 23. Qg1 Bf8 24. Rf1 Qe6 25. Rf3 Qd5 26. Qf2 Kf7 27. f5 Re5 28. Qg3 Rhxf5 29. Rxf5 Rxf5 30. Qc7+ Kg8 31. Kg1 Qf7 32. Qc8 Re5 33. a4 Qxb3 0-1

[Event "Avoine op 13th"]
[Site "Avoine"]
[Date "1998.??.??"]
[Round "?"]
[White "Heurtebize, Christophe"]
[Black "Olarasu, Gabriela"]
[Result "0-1"]
[WhiteElo "2065"]
[BlackElo "2270"]
[PlyCount "56"]
[EventDate "1998.07.??"]
[EventType "swiss"]
[EventRounds "7"]
[EventCountry "FRA"]
[SourceTitle "EXT 2000"]
[Source "ChessBase"]
[SourceDate "1999.11.16"]
[SourceVersion "1"]
[SourceVersionDate "1999.11.16"]
[SourceQuality "1"]

1. c4 e5 2. g3 Nf6 3. Bg2 d5 4. cxd5 Nxd5 5. Nc3 Nb6 6. Nf3 Nc6 7. 0-0 Be7 8. d4 exd4 9. Nb5 Bf6 10. Bf4 Nd5 11. Qd2 a6 12. Na3 Nxf4 13. Qxf4 0-0 14. Nc2 Re8 15. Rfe1 Re6 16. Rad1 Rd6 17. Rd3 Be6 18. b3 g5 19. Qc1 Bf5 20. e4 dxe3 21. Rdxe3 Qd7 22. h4 h6 23. hxg5 hxg5 24. R3e2 g4 25. Ng5 Ne5 26. Ne4 Bxe4 27. Bxe4 Nf3+ 28. Bxf3 gxf3 0-1

[Event "FRA-ch op-A"]
[Site "Auxerre"]
[Date "1996.??.??"]
[Round "?"]
[White "Capitaine, Adrien"]
[Black "Heurtebize, Christophe"]
[Result "1-0"]
[WhiteElo "2030"]
[BlackElo "2185"]
[PlyCount "59"]
[EventDate "1996.08.??"]
[EventType "swiss"]
[EventRounds "10"]
[EventCountry "FRA"]
[SourceTitle "EXT 2004"]
[Source "ChessBase"]
[SourceDate "2003.11.25"]
[SourceVersion "1"]
[SourceVersionDate "2003.11.25"]
[SourceQuality "1"]

1. e4 c5 2. Nf3 e6 3. d4 cxd4 4. Nxd4 a6 5. a4 Nf6 6. Bd3 Qc7 7. f4 e5 8. fxe5 Qxe5 9. Nf3 Qc5 10. Qe2 Nc6 11. Be3 Qa5+ 12. Nbd2 Ng4 13. Bf4 d6 14. 0-0 Be7 15. Nc4 Qc7 16. e5 dxe5 17. Nfxe5 Ncxe5 18. Nxe5 Nxe5 19. Bxe5 Qc5+ 20. Kh1 0-0 21. Qe4 f5 22. Qf4 Qc6 23. Rae1 Qd7 24. Bc4+ Kh8 25. Rf3 b5 26. axb5 axb5 27. Rfe3 Bc5 28. Rg3 bxc4 29. Bxg7+ Kg8 30. Bh6+ 1-0